Ünnepi beszéd

Elmentve itt :
Bibliográfiai részletek
Dokumentumtípus: Cikk
Megjelent: 1943
Sorozat:Gyakorlati pedagógia 8 No. 2
Kulcsszavak:Ünnepi beszéd
Tárgyszavak:
Online Access:http://acta.bibl.u-szeged.hu/52519
LEADER 00576nab a2200181 i 4500
001 acta52519
005 20250326123850.0
008 180529s1943 hu o 000 hun d
040 |a SZTE Egyetemi Kiadványok Repozitórium  |b hun 
041 |a hun 
245 0 0 |a Ünnepi beszéd  |h [elektronikus dokumentum] 
260 |c 1943 
300 |a 42-44 
490 0 |a Gyakorlati pedagógia  |v 8 No. 2 
650 4 |a Bölcsészettudományok 
650 4 |a Nyelvek és irodalom 
695 |a Ünnepi beszéd 
856 4 0 |u http://acta.bibl.u-szeged.hu/52519/1/gyakorlati_1943_002_042-044.pdf  |z Dokumentum-elérés